1179 1706 1855 1563 1894 1063 1478 1459 1673 1240 1681 1230 1029 1061 1108 1308 1541 1896 1799 1601 1484 1329 1054 1983 1612 1904 1488 1250 1286 1123 1738 1682 1445 1675 1035 1937 1941 1482 1054 1721 1687 1960 1759 1693 1521 1439 1247 1537 1699 1937 1487 1254 1138 1422 1200 1858 1769 1061 1026 1572 1570 1806 1132 1510 1555 1566 1318 1469 1557 1648 1034 1645 1323 1330 1461 1897 1914 1849 1045 1878 1804 1642 1264 1578 1002 1579 1733 1841 1930 1406 1072 1421 1005 1032 1627 1650 1354 1553 1402 BCNSPRNW ULIB Ver.6.0+V

เปลี่ยนเป็นภาษาไทย

Change to English
 แสดงรายละเอียดบรรณานุกรม
  กลับหน้าหลัก

Brief Record : Get Marc (ISO 2709) : E-mail record : QR code < ปิดหน้าต่าง
LEADER : 00000nam 2200000uu 4500
001    13399122703
003     ULIB
008    130902s2552||||th 000 0 tha d
020    ^a9789742887384
050 04 ^aK3400^bน424ห
100 0  ^aนันทวัฒน์ บรมานันท์.
245 1  ^aหลักกฎหมายปกครองเกี่ยวกับบริการสาธารณะ/^cนันทวัฒน์ บรมานันนท์.
250    ^aพิมพ์ครั้งที่ 4.
260    ^aกรุงเทพฯ :^bวิญญูชน,^c2552.
300    ^a342 หน้า :^c26 ซม.
650  7 ^aบริการสาธารณะ^xกฎหมายและระเบียบข้อบังคับ.
650  7 ^aกฎหมายปกครอง.
650  7 บริการสาธารณะ.
710  2 ^aจุฬาลงกรณ์มหาวิทยาลัย.^bภาควิชากฎหมายแพ่งและพาณิชย์.
850    ^aวิทยาลัยการบริหารรัฐกิจ.
945    ^p300^l0^i20145
999    ^aทศพร เกษรทอง
รายการนี้ยังไม่มีแท็ก
คุณยังไม่ได้ล็อกอิน คุณสามารถมีกิจกรรมร่วมกับเว็บไซต์ได้ แต่ต้องล็อกอินก่อน ::
  ล็อกอิน

รายการสื่อสารสนเทศ

ลำดับที่ ประเภท เลขเรียก/บาร์โค้ด สถานที่ สถานะ
1. การศึกษาทั่วไป
การศึกษาทั่วไป
K3400 น424ห ฉ.1 
  Barcode: 20145
ห้องสมุดวิทยาเขตนครสวรรค์
►หนังสือทั่วไป:l:General Books
บนชั้น

รายการใกล้เคียง
    ผู้แต่ง [นันทวัฒน์ บรมานันท์.]

    หัวเรื่อง [กฎหมายปกครอง.]
    หัวเรื่อง [บริการสาธารณะ.]

BibComment


ยังไม่เคยถูกคอมเมนท์

คอมเมนท์ทรัพยากรรายการนี้
  คอมเมนท์: หลักกฎหมายปกครอง..


 Copyright 2026. Bcnsprnw @Library